000
00335nam a22001457a 4500
003
CEME
005
20210628210117.0
008
210211b xxu||||| |||| 00| 0 eng d
040
_c
.
082
_a
0333 WAS
100
_a
Sae
_9
10289
245
_a
Heavy duty diesel engine lubricants
260
_b
SAE
_c
2000
942
_c
BK
_2
ddc
999
_c
583322
_d
583322